LEADER 01644cam0-22003851i-450- 001 990001710590403321 005 20160404225143.0 012 $ab-i- n-a- o.ce pogl (7) 1828 (R)$2fei$5ITNA0274 60 094.3 B 159 035 $a000171059 035 $aFED01000171059 035 $a(Aleph)000171059FED01 035 $a000171059 100 $a20030910d1828----km-y0itay50------ba 101 0 $aita 140 $ay---y----zz------zzyb-0000-- 141 $ag--a0cb-$5ITNA0274------------------------------------------------------------------- 200 1 $aDell'agricoltura pratica della pastorizia e di molte altre dottrine, che riguardano la medicina veterinaria, e l'economia domestica per gli 12 mesi dell'anno. Opera del p. N. Columella Onorati ec. 205 $aNuova edizione eseguita sulla quarta aumentata di uno scritto ritrovato tra le carte dell'autore 210 $aNapoli$cdalla stamperia del Genio tipografico strada Trinità maggiore n. 12$d1828 215 $a230, [2] p.$d8° 307 $aSegn.: [1]8 2-14/8 15/4 610 0 $aZootecnica 620 $aItalia.$dNapoli 676 $a636 700 1$aOnorati,$bNicola$f<1754-1822>$068291 719 02$aGenio tipografico$4610 801 0$aIT$bUNINA$gRICA$2UNIMARC 901 $aAQ 912 $a990001710590403321 952 $a60 094.3 B 159$b1138$fFAGBC 952 $aXXXII ANT. 85$b19593$fFSPBC 959 $aFAGBC 959 $aFSPBC 996 $aDell'agricoltura pratica della pastorizia e di molte altre dottrine, che riguardano la medicina veterinaria, e l'economia domestica per gli 12 mesi dell'anno. Opera del p. N. Columella Onorati ec$9359527 997 $aUNINA LEADER 01472nam 2200397 450 001 000016128 005 20050718115600.0 010 $a0-8247-6289-4 100 $a20030903d1975----km-y0itay0103----ba 101 0 $aeng 102 $aUS 200 1 $aSidon sets$fJorge M. Lopez, Kenneth A. Ross 210 $aNew York$cMarcel Dekker$dc1975 215 $aV, 193 p.$d26 cm. 225 2 $aLecture notes in pure and applied mathematics$v13 410 0$12001$aLecture notes in pure and applied mathematics 606 $aAnalisi matematica 676 $a515.2433$v(21. ed.)$9Analisi di Fourier e analisi in serie di funzioni 691 $a43A46$9Abstract harmonic analysis. Special sets (thin sets, Kronecker sets, Helson sets, Ditkin sets, Sidon sets, etc.) 700 1$aLopez,$bJorge M.$0441935 701 1$aRoss,$bKenneth A.$041192 801 0$aIT$bUniversità della Basilicata - B.I.A.$gRICA$2unimarc 912 $a000016128 996 $aSidon sets$982082 997 $aUNIBAS BAS $aMONSCI BAS $aSCIENZE CAT $aEXT002$b01$c20030903$lBAS01$h1112 CAT $aEXT002$b01$c20030903$lBAS01$h1112 CAT $c20050601$lBAS01$h1755 CAT $abatch$b01$c20050718$lBAS01$h1052 CAT $c20050718$lBAS01$h1112 CAT $c20050718$lBAS01$h1142 CAT $c20050718$lBAS01$h1156 FMT Z30 -1$lBAS01$LBAS01$mBOOK$1BASA2$APolo Tecnico-Scientifico$2GEN$BCollezione generale$3MAT$663330$5S63330$820030903$f51$FRiservati